| 000 | 00917nam a22002057a 4500 | ||
|---|---|---|---|
| 003 | OSt | ||
| 005 | 20131031101017.0 | ||
| 008 | 130619s2008 sp ||||| ||||f00| 0 spa d | ||
| 040 | _cCDMR | ||
| 245 |
_aInmigración y medios de comunicación _b: aproximaciones y propuestas para las buenas prácticas periodísticas _c[realización, Fundación Chandra y Fundación Directa] |
||
| 260 |
_aMadrid _bMinisterio de Trabajo y Asuntos Sociales. Subdirección General de Información Administrativa y Publicaciones _c2007, DL 2008 |
||
| 300 | _a159 p. | ||
| 650 | 0 | 4 |
_94234 _aEmigració i immigració _zEspanya _xCobertura periodística |
| 650 | 0 | 4 |
_93817 _aImmigrants en els mitjans de comunicació de massa |
| 650 | 0 | 4 |
_93086 _aPeriodisme _xManuals d'estil |
| 710 | 2 |
_93824 _aFundación Chandra |
|
| 710 | 2 |
_93825 _aFundación Directa |
|
| 710 | 1 |
_93826 _aEspanya _b -- Ministerio de Trabajo y Asuntos Sociales |
|
| 942 |
_2udc _cMON |
||
| 999 |
_c6491 _d6491 |
||